| 000 | 00557nam a2200181Ia 4500 | ||
|---|---|---|---|
| 003 | OSt | ||
| 005 | 20250806145822.0 | ||
| 008 | 210210b1945 xxu||||| |||| 00| 0 eng d | ||
| 040 | _cAL | ||
| 041 | _akan | ||
| 082 | _a859/299 | ||
| 100 |
_aKUNTALAMMA _9148901 _dಕುಂಟಲಮ್ಮ |
||
| 245 |
_aVinebhavani mattu itara kathegalu: _bವೀಣೆ ಭವಾನಿ ಮತ್ತು ಇತರ ಕತೆಗಳು |
||
| 260 |
_aBengaluru _bSatyashodhana Prakatana Mandira _c1945 |
||
| 690 |
_aKannada Fiction _9148902 |
||
| 906 | _a021170 | ||
| 942 |
_2ddc _cBK |
||
| 999 |
_c145232 _d145232 |
||